[Event "Kolkata St Xavier College op"]
[Site "Kolkata"]
[Date "2024.08.25"]
[Round "6"]
[White "Mani, Sarbartho"]
[Black "Bhattacharyya, Soham"]
[Result "0-1"]
[WhiteElo "1663"]
[BlackElo "2212"]
[PlyCount "138"]
[EventDate "2024.08.24"]
[EventType "swiss (rapid)"]
[EventRounds "11"]
[EventCountry "IND"]
[SourceTitle "CBM 221 Extra"]
[Source "ChessBase"]
[SourceDate "2024.09.30"]
[SourceVersion "1"]
[SourceVersionDate "2024.09.30"]
[SourceQuality "1"]

1. e4 c6 2. d4 d5 3. Nd2 dxe4 4. Nxe4 Bf5 5. Ng3 Bg6 6. h4 h6 7. Nf3 Nd7 8. h5 Bh7 9. Bd3 Bxd3 10. Qxd3 e6 11. Bd2 Ngf6 12. 0-0-0 Be7 13. Ne4 Nxe4 14. Qxe4 Nf6 15. Qe2 Qd5 16. Kb1 Rd8 17. c4 Qe4+ 18. Qxe4 Nxe4 19. Be3 f5 20. g3 Bg5 21. Rhg1 Bxe3 22. fxe3 Nf6 23. Rh1 Ng4 24. Rde1 0-0 25. Kc2 Rfe8 26. Ne5 Nxe5 27. dxe5 Rd7 28. Rd1 Red8 29. Rxd7 Rxd7 30. Rg1 g6 31. g4 fxg4 32. hxg6 h5 33. Rh1 Kg7 34. Rxh5 Kxg6 35. Rh8 g3 36. Rh3 Kf5 37. Rxg3 Kxe5 38. Rg4 b6 39. Rf4 c5 40. Rg4 Rf7 41. Rg2 Ke4 42. Kd2 Kf3 43. Rg5 Rd7+ 44. Kc3 Ke2 45. e4 Ke3 46. Rg4 Rd3+ 47. Kc2 Rd4 48. Kc3 e5 49. Rg7 Kxe4 50. Rxa7 Kf3 51. Rb7 Rd6 52. Rf7+ Ke3 53. a3 e4 54. Re7 Kf3 55. Rf7+ Ke2 56. b4 Rd3+ 57. Kb2 e3 58. bxc5 bxc5 59. Rf5 Kd2 60. Rxc5 e2 61. Re5 e1Q 62. Rxe1 Kxe1 63. c5 Kd2 64. a4 Rd8 65. Kb3 Kd3 66. Kb4 Rb8+ 67. Ka5 Kc4 68. Ka6 Kxc5 69. a5 Ra8+ 0-1

[Event "Sitges op 48th"]
[Site "Sitges"]
[Date "2024.07.27"]
[Round "6"]
[White "Shamatava, Nikolozi"]
[Black "Bhattacharyya, Soham"]
[Result "1/2-1/2"]
[WhiteElo "2127"]
[BlackElo "2477"]
[PlyCount "205"]
[EventDate "2024.07.22"]
[EventType "swiss"]
[EventRounds "9"]
[EventCountry "ESP"]
[SourceTitle "CBM 221 Extra"]
[Source "ChessBase"]
[SourceDate "2024.09.30"]
[SourceVersion "1"]
[SourceVersionDate "2024.09.30"]
[SourceQuality "1"]

1. d4 Nf6 2. c4 g6 3. g3 Bg7 4. Bg2 0-0 5. Nc3 d6 6. Nf3 c5 7. 0-0 Nc6 8. d5 Na5 9. Nd2 e6 10. Rb1 exd5 11. cxd5 Bd7 12. Qc2 b5 13. b3 b4 14. Nce4 Nxd5 15. Bb2 Bc6 16. Bxg7 Kxg7 17. Nc4 Nxc4 18. bxc4 Nb6 19. Qb2+ f6 20. Ng5 Bd7 21. Bxa8 Qxa8 22. Rbc1 h6 23. Nf3 Be6 24. Qb3 Rf7 25. Rfe1 Qe4 26. Nd2 Qe5 27. e4 Bg4 28. Re3 g5 29. Rce1 a5 30. Rd3 a4 31. Qc2 Rd7 32. Nf1 Be6 33. Ne3 Qxe4 34. Qd1 Nxc4 35. Nxc4 Qxc4 36. Rde3 Bf7 37. Qxa4 Rb7 38. Qa8 Qd5 39. h4 c4 40. hxg5 hxg5 41. Qa6 b3 42. axb3 cxb3 43. Rd3 Rb6 44. Rxd5 Rxa6 45. Rb5 g4 46. Rb1 Ra4 47. Rb6 Rd4 48. Kf1 Bc4+ 49. Ke1 d5 50. R6xb3 Bxb3 51. Rxb3 Kg6 52. Ke2 Kf5 53. Ke3 Re4+ 54. Kd3 Ra4 55. Rb8 Ra2 56. Ke3 d4+ 57. Kxd4 Rxf2 58. Rb5+ Kg6 59. Rb3 Kg5 60. Ke4 Re2+ 61. Kd4 Kf5 62. Rb5+ Re5 63. Rb2 Re4+ 64. Kd3 Re5 65. Kd4 Kg5 66. Rb3 Re1 67. Ra3 Rg1 68. Rb3 Rg2 69. Ra3 Rg1 70. Rb3 Rf1 71. Ke4 f5+ 72. Kd4 Re1 73. Ra3 Re4+ 74. Kd3 Re5 75. Kd4 Re4+ 76. Kd3 Rb4 77. Ke2 Rb2+ 78. Kf1 Kf6 79. Ra5 Rd2 80. Rb5 Ke6 81. Ra5 Rd5 82. Ra3 Ke5 83. Ke2 Ke4 84. Re3+ Kd4 85. Ra3 Re5+ 86. Kf2 Rc5 87. Ra2 Rc4 88. Rd2+ Ke4 89. Ra2 Rd4 90. Re2+ Kd5 91. Ra2 Rd3 92. Ra5+ Ke4 93. Ra4+ Rd4 94. Ra2 Rd5 95. Ra4+ Kd3 96. Ra3+ Kd4 97. Rb3 Kc4 98. Ra3 Rd2+ 99. Kf1 Kd4 100. Ra5 Ke4 101. Kg1 Rd5 102. Ra4+ Ke3 103. Rf4 1/2-1/2

[Event "Sitges op 48th"]
[Site "Sitges"]
[Date "2024.07.23"]
[Round "2"]
[White "Bergaretxe Gavalda, Unai"]
[Black "Bhattacharyya, Soham"]
[Result "1/2-1/2"]
[WhiteElo "2015"]
[BlackElo "2477"]
[PlyCount "99"]
[EventDate "2024.07.22"]
[EventType "swiss"]
[EventRounds "9"]
[EventCountry "ESP"]
[SourceTitle "CBM 221 Extra"]
[Source "ChessBase"]
[SourceDate "2024.09.30"]
[SourceVersion "1"]
[SourceVersionDate "2024.09.30"]
[SourceQuality "1"]

1. d4 Nf6 2. c4 g6 3. Nc3 Bg7 4. e4 d6 5. Nf3 0-0 6. Be2 Nbd7 7. 0-0 e5 8. Be3 Qe7 9. Qc2 c6 10. d5 c5 11. Bg5 h6 12. Bd2 Kh8 13. g3 Nh7 14. Kh1 Ng5 15. Nh4 Nf6 16. a4 Bh3 17. Ng2 b6 18. a5 bxa5 19. Rxa5 Rfb8 20. f3 Bc8 21. Bd3 Nh3 22. Nd1 Rb6 23. Bc3 Ng5 24. f4 exf4 25. gxf4 Nh3 26. e5 Ng4 27. Rf3 Nxe5 28. fxe5 dxe5 29. Nf2 Ng5 30. Re3 f5 31. Ra1 e4 32. Be2 Kh7 33. h4 Bxc3 34. Qxc3 Nf7 35. h5 g5 36. Nxe4 fxe4 37. Rxe4 Qf6 38. Qxf6 Rxf6 39. Re8 a5 40. Rf1 Rxf1+ 41. Bxf1 Kg7 42. Bd3 Nd6 43. Re7+ Kf6 44. Rh7 Nf7 45. Bg6 Ne5 46. Rxh6 Bh3 47. Be4+ Kg7 48. Rh7+ Kf6 49. Rh6+ Kg7 50. Rh7+ 1/2-1/2

[Event "Belgrade Serbia op"]
[Site "Belgrade"]
[Date "2024.07.19"]
[Round "7"]
[White "Bhattacharyya, Soham"]
[Black "Ciolek, Andreas"]
[Result "1-0"]
[WhiteElo "2477"]
[BlackElo "2277"]
[PlyCount "111"]
[EventDate "2024.07.12"]
[EventType "swiss"]
[EventRounds "9"]
[EventCountry "SRB"]
[SourceTitle "CBM 221 Extra"]
[Source "ChessBase"]
[SourceDate "2024.09.30"]
[SourceVersion "1"]
[SourceVersionDate "2024.09.30"]
[SourceQuality "1"]

1. d4 Nf6 2. c4 e6 3. Nf3 d5 4. Nc3 a6 5. c5 b6 6. cxb6 c5 7. Bf4 Bd6 8. Bxd6 Qxd6 9. dxc5 Qxc5 10. Qd4 Qd6 11. e3 0-0 12. Be2 Nbd7 13. Na4 e5 14. Qc3 Ne4 15. Qa5 Rb8 16. 0-0 Nxb6 17. Nxb6 Rxb6 18. b3 Re8 19. Rac1 Bb7 20. Rfd1 h6 21. Bf1 Rc6 22. Rxd5 Rxc1 23. Rxd6 Nxd6 24. Qd2 Rc6 25. Qd5 Nb5 26. Qd7 Nd6 27. Nd2 Kf8 28. Nc4 Re7 29. Qd8+ Re8 30. Qa5 Nxc4 31. Bxc4 Re7 32. Qd8+ Re8 33. Qd5 Re7 34. f3 Rc8 35. Qd6 Rc6 36. Qd8+ Re8 37. Qd5 Re7 38. e4 Ke8 39. h4 f6 40. h5 Rb6 41. Qg8+ Kd7 42. Qf8 Rbe6 43. Bxe6+ Kxe6 44. Kf2 Rd7 45. Ke3 Bc6 46. a4 Rb7 47. Kd2 Rc7 48. g3 Bb7 49. Qg8+ Kd6 50. Qd8+ Rd7 51. Qf8+ Kc7+ 52. Kc3 Bc6 53. Kb4 Bb7 54. Ka5 Bc8 55. Qb4 Rd6 56. Qc5+ 1-0

[Event "Belgrade Serbia op"]
[Site "Belgrade"]
[Date "2024.07.14"]
[Round "3"]
[White "Bhattacharyya, Soham"]
[Black "Yilmaz, Baver"]
[Result "1/2-1/2"]
[WhiteElo "2477"]
[BlackElo "2280"]
[PlyCount "138"]
[EventDate "2024.07.12"]
[EventType "swiss"]
[EventRounds "9"]
[EventCountry "SRB"]
[SourceTitle "CBM 221 Extra"]
[Source "ChessBase"]
[SourceDate "2024.09.30"]
[SourceVersion "1"]
[SourceVersionDate "2024.09.30"]
[SourceQuality "1"]

1. d4 Nf6 2. c4 g6 3. g3 Bg7 4. Bg2 d5 5. cxd5 Nxd5 6. e4 Nb4 7. d5 c6 8. a3 Qa5 9. Nc3 cxd5 10. Be3 d4 11. axb4 Qd8 12. Bd2 dxc3 13. bxc3 0-0 14. Nf3 Qd3 15. Qe2 Qxe2+ 16. Kxe2 Be6 17. Rhc1 Rc8 18. Nd4 Bc4+ 19. Ke1 Nd7 20. f4 e5 21. Nc2 Bd3 22. Ra5 Re8 23. Rd5 Bxe4 24. Bxe4 Nf6 25. Bg2 exf4+ 26. Kf2 Nxd5 27. Bxd5 fxg3+ 28. hxg3 Rad8 29. c4 b5 30. Bg5 Rc8 31. Ne1 bxc4 32. Bxc4 Bd4+ 33. Kf1 Kg7 34. Be2 Rxc1 35. Bxc1 Rc8 36. Bf4 f6 37. Nf3 Bb6 38. b5 Rc2 39. g4 h6 40. Bd2 Rb2 41. Bd3 Ra2 42. Bc4 Ra4 43. Be6 a6 44. bxa6 Rxa6 45. Ke2 Ra8 46. Bd7 Ra7 47. Bc6 Re7+ 48. Kd3 Bf2 49. Be4 Rd7+ 50. Ke2 Re7 51. Kd3 Bg3 52. Nd4 Be5 53. Nc6 Rd7+ 54. Ke2 Bb2 55. Bb4 Bc1 56. Bc5 Bg5 57. Nd4 h5 58. gxh5 gxh5 59. Kf3 Kf7 60. Bc6 Rc7 61. Bd5+ Kg6 62. Be4+ Kf7 63. Bd5+ Kg6 64. Ne6 Rxc5 65. Nxc5 Kf5 66. Be4+ Ke5 67. Nd7+ Kd4 68. Bg6 h4 69. Bf5 Kd5 1/2-1/2

[Event "Belgrade Serbia op"]
[Site "Belgrade"]
[Date "2024.07.12"]
[Round "1"]
[White "Bhattacharyya, Soham"]
[Black "Koudounis, Vasileios"]
[Result "1-0"]
[WhiteElo "2477"]
[BlackElo "2217"]
[PlyCount "109"]
[EventDate "2024.07.12"]
[EventType "swiss"]
[EventRounds "9"]
[EventCountry "SRB"]
[SourceTitle "CBM 221 Extra"]
[Source "ChessBase"]
[SourceDate "2024.09.30"]
[SourceVersion "1"]
[SourceVersionDate "2024.09.30"]
[SourceQuality "1"]

1. d4 d5 2. Bf4 Nf6 3. e3 e6 4. Nd2 Bd6 5. Ngf3 0-0 6. c3 c5 7. Ne5 Nc6 8. Bd3 Qc7 9. Ndf3 cxd4 10. cxd4 Qa5+ 11. Kf1 Nb4 12. Bb1 Ne4 13. Kg1 Bxe5 14. dxe5 Bd7 15. h4 h6 16. Nh2 Ba4 17. Qg4 f5 18. Qg6 Be8 19. Qxe6+ Rf7 20. Nf3 Nc6 21. Bxe4 fxe4 22. Ng5 hxg5 23. hxg5 Bd7 24. Qg6 Ne7 25. Rh8+ Kxh8 26. Qxf7 Qd8 27. e6 Qe8 28. Bd6 Qxf7 29. exf7 Ng6 30. Rc1 Bc6 31. f4 exf3 32. gxf3 Kh7 33. f4 Nf8 34. f5 Bd7 35. g6+ Kh6 36. Rf1 Kg5 37. Be7+ Kh5 38. Kg2 Bxf5 39. Rxf5+ Kxg6 40. Rf4 Rc8 41. Kf3 a5 42. a4 b6 43. Ke2 Kh5 44. Kd3 g5 45. Rf1 g4 46. Kd4 g3 47. Bxf8 Rxf8 48. Kxd5 Kg6 49. Rg1 Kxf7 50. Rxg3 Rc8 51. e4 Rc5+ 52. Kd4 Rh5 53. Rc3 Rh2 54. b3 Rb2 55. Kd5 1-0

[Event "Paracin op-A 17th"]
[Site "Paracin"]
[Date "2024.07.11"]
[Round "9"]
[White "Bhattacharyya, Soham"]
[Black "Unsal, Gorkem"]
[Result "1/2-1/2"]
[WhiteElo "2477"]
[BlackElo "2025"]
[PlyCount "135"]
[EventDate "2024.07.03"]
[EventType "swiss"]
[EventRounds "9"]
[EventCountry "SRB"]
[SourceTitle "CBM 221 Extra"]
[Source "ChessBase"]
[SourceDate "2024.09.30"]
[SourceVersion "1"]
[SourceVersionDate "2024.09.30"]
[SourceQuality "1"]

1. d4 c5 2. d5 Nf6 3. c4 e6 4. Nc3 exd5 5. cxd5 d6 6. Nf3 g6 7. Nd2 Nbd7 8. e4 Bg7 9. Be2 0-0 10. 0-0 a6 11. a4 b6 12. Re1 Rb8 13. Nc4 Ne8 14. Bf4 Ne5 15. Nxe5 dxe5 16. Be3 Qc7 17. Qd2 Nd6 18. f3 f5 19. Reb1 a5 20. Nb5 Nxb5 21. Bxb5 Qd6 22. Rc1 Bd7 23. Qd3 Rfc8 24. Bxd7 Qxd7 25. d6 f4 26. Bf2 Qe6 27. Bh4 Rb7 28. Qa6 Rcb8 29. Rd1 Rd7 30. Rd5 Rxd6 31. Qa7 Re8 32. Rad1 Rxd5 33. Rxd5 Bf6 34. Be1 Rd8 35. Qb7 Rxd5 36. exd5 Qd6 37. Bc3 Bd8 38. Kf1 Bc7 39. Qc8+ Kg7 40. g3 g5 41. Ke2 h6 42. gxf4 gxf4 43. h4 Kf7 44. Qf5+ Ke7 45. Qh7+ Kd8 46. Qg8+ Kd7 47. h5 c4 48. Qg4+ Ke8 49. Qg8+ Kd7 50. Kd1 Qf6 51. Kc1 Kd6 52. Qa8 Kc5 53. Qc8 Qd6 54. Qb7 Bd8 55. Be1 Qxd5 56. Qc8+ Kd4 57. Qg4 e4 58. Qg7+ Ke3 59. fxe4 Kxe4 60. Qxh6 f3 61. Bd2 Qf5 62. Qc6+ Kd3 63. Kd1 f2 64. Qd6+ Ke4 65. Qc6+ Kd4 66. Qd6+ Ke4 67. Qc6+ Kd4 68. Qd6+ 1/2-1/2

[Event "Paracin op-A 17th"]
[Site "Paracin"]
[Date "2024.07.10"]
[Round "8"]
[White "Shogdzhiev, Roman Sav"]
[Black "Bhattacharyya, Soham"]
[Result "1-0"]
[WhiteElo "2044"]
[BlackElo "2477"]
[PlyCount "67"]
[EventDate "2024.07.03"]
[EventType "swiss"]
[EventRounds "9"]
[EventCountry "SRB"]
[SourceTitle "CBM 221 Extra"]
[Source "ChessBase"]
[SourceDate "2024.09.30"]
[SourceVersion "1"]
[SourceVersionDate "2024.09.30"]
[SourceQuality "1"]

1. e4 c6 2. d4 d5 3. Nc3 dxe4 4. Nxe4 Bf5 5. Ng3 Bg6 6. h4 h6 7. Nf3 Nd7 8. Bd3 Bxd3 9. Qxd3 e6 10. Bf4 Qa5+ 11. Bd2 Bb4 12. c3 Be7 13. c4 Qc7 14. Nh5 Ndf6 15. Nxg7+ Kf8 16. Nxe6+ fxe6 17. Ne5 Bd6 18. Ng6+ Kg7 19. c5 Bf8 20. Rh3 Rh7 21. Rg3 Kf7 22. Ne5+ Ke8 23. Rxg8 Nxg8 24. Qg6+ Rf7 25. Qxg8 Rf6 26. Ng4 Rf7 27. Bxh6 Qe7 28. Ne5 Rf6 29. Bg5 Qg7 30. Qxg7 Bxg7 31. Bxf6 Bxf6 32. g3 Rd8 33. Rd1 Rd5 34. f4 1-0

[Event "Paracin op-A 17th"]
[Site "Paracin"]
[Date "2024.07.05"]
[Round "3"]
[White "Bhattacharyya, Soham"]
[Black "Damjanovic, Vuk"]
[Result "1/2-1/2"]
[WhiteElo "2477"]
[BlackElo "2361"]
[PlyCount "42"]
[EventDate "2024.07.03"]
[EventType "swiss"]
[EventRounds "9"]
[EventCountry "SRB"]
[SourceTitle "CBM 221 Extra"]
[Source "ChessBase"]
[SourceDate "2024.09.30"]
[SourceVersion "1"]
[SourceVersionDate "2024.09.30"]
[SourceQuality "1"]

1. d4 d5 2. c4 e6 3. Nf3 Nf6 4. Nc3 a6 5. c5 Nc6 6. h3 Ne4 7. Bf4 Nxc3 8. bxc3 b6 9. cxb6 cxb6 10. e3 Bd6 11. Bxd6 Qxd6 12. Qb1 b5 13. Bd3 h6 14. 0-0 0-0 15. a4 bxa4 16. Rxa4 a5 17. Qa2 Ba6 18. Bxa6 Rxa6 19. Ra1 Rb8 20. c4 dxc4 21. Rxc4 e5 1/2-1/2

[Event "Paracin op-A 17th"]
[Site "Paracin"]
[Date "2024.07.04"]
[Round "2"]
[White "Gov, Guy"]
[Black "Bhattacharyya, Soham"]
[Result "0-1"]
[WhiteElo "2252"]
[BlackElo "2477"]
[PlyCount "110"]
[EventDate "2024.07.03"]
[EventType "swiss"]
[EventRounds "9"]
[EventCountry "SRB"]
[SourceTitle "CBM 221 Extra"]
[Source "ChessBase"]
[SourceDate "2024.09.30"]
[SourceVersion "1"]
[SourceVersionDate "2024.09.30"]
[SourceQuality "1"]

1. e4 c6 2. Nc3 d5 3. d4 dxe4 4. Nxe4 Bf5 5. Ng3 Bg6 6. N1e2 Nf6 7. Nf4 e5 8. Nxg6 hxg6 9. Be3 Qa5+ 10. c3 Nbd7 11. Qb3 exd4 12. Bxd4 Bc5 13. 0-0-0 0-0 14. Be2 Rad8 15. h4 Bxd4 16. cxd4 c5 17. h5 cxd4 18. hxg6 Qg5+ 19. Kb1 Qxg6+ 20. Bd3 Nc5 21. Bxg6 Nxb3 22. Bc2 Na5 23. Rh3 g6 24. Nf5 d3 25. Bxd3 gxf5 26. Rg3+ Ng4 27. f3 Nc4 28. fxg4 f4 29. Rf3 Ne5 30. Rh3 f3 31. Bh7+ Kg7 32. Rxd8 Rxd8 33. gxf3 Rh8 34. f4 Nc6 35. Rb3 Rxh7 36. Rxb7 Rh4 37. b4 Rxg4 38. b5 Nd4 39. a4 Rxf4 40. Rxa7 Rf3 41. Rd7 Rb3+ 42. Ka2 Rb4 43. Ka3 Nc2+ 44. Ka2 Rxa4+ 45. Kb3 Rd4 46. Rc7 Ne3 47. b6 Nd5 48. b7 Rb4+ 49. Ka3 Rb6 50. Rd7 Nc3 51. Re7 Nb5+ 52. Kb4 Nd6+ 53. Kc5 Rxb7 54. Kxd6 Rxe7 55. Kxe7 f5 0-1

[Event "Veliko Gradiste Silver Lake op-A"]
[Site "Veliko Gradiste"]
[Date "2024.06.29"]
[Round "8"]
[White "Bhattacharyya, Soham"]
[Black "Mammadov, Ilgar"]
[Result "1-0"]
[WhiteElo "2477"]
[BlackElo "1896"]
[PlyCount "73"]
[EventDate "2024.06.23"]
[EventType "swiss"]
[EventRounds "9"]
[EventCountry "SRB"]
[SourceTitle "CBM 220 Extra"]
[Source "ChessBase"]
[SourceDate "2024.07.31"]
[SourceVersion "1"]
[SourceVersionDate "2024.07.31"]
[SourceQuality "1"]

1. d4 d5 2. Bf4 Nf6 3. e3 e6 4. Nd2 c5 5. c3 Nc6 6. Ngf3 a6 7. Bd3 c4 8. Bc2 b5 9. e4 Bb7 10. e5 Nd7 11. h4 Nb6 12. a3 a5 13. Be3 h6 14. g4 b4 15. a4 b3 16. Bb1 Qd7 17. Nf1 0-0-0 18. Ng3 Be7 19. h5 Rhf8 20. Nf5 Rg8 21. N3h4 Kc7 22. Nxe7 Nxe7 23. f4 Nxa4 24. Qe2 Nb6 25. Rxa5 Na4 26. 0-0 Kb6 27. Rxa4 Qxa4 28. f5 Qd7 29. f6 Nc6 30. fxg7 Rxg7 31. Bxh6 Rgg8 32. g5 f5 33. exf6 e5 34. f7 exd4 35. fxg8Q Rxg8 36. Bf5 Qd6 37. g6 1-0

[Event "Veliko Gradiste Silver Lake op-A"]
[Site "Veliko Gradiste"]
[Date "2024.06.28"]
[Round "7"]
[White "Elgersma, Onno"]
[Black "Bhattacharyya, Soham"]
[Result "1/2-1/2"]
[WhiteElo "2348"]
[BlackElo "2477"]
[PlyCount "71"]
[EventDate "2024.06.23"]
[EventType "swiss"]
[EventRounds "9"]
[EventCountry "SRB"]
[SourceTitle "CBM 220 Extra"]
[Source "ChessBase"]
[SourceDate "2024.07.31"]
[SourceVersion "1"]
[SourceVersionDate "2024.07.31"]
[SourceQuality "1"]

1. e4 c6 2. d4 d5 3. e5 Bf5 4. Nf3 e6 5. Be2 Nd7 6. 0-0 Ne7 7. c3 h6 8. a4 c5 9. dxc5 Nxc5 10. Nd4 Bg6 11. a5 a6 12. Be3 Qc7 13. f4 Nf5 14. Nxf5 Bxf5 15. Bd4 Be7 16. Nd2 0-0 17. b4 Ne4 18. g4 Nxd2 19. Qxd2 Be4 20. Bf3 Bxf3 21. Rxf3 f5 22. h3 Rf7 23. Qg2 Raf8 24. Kh1 Kh8 25. Rg1 g5 26. gxf5 Rxf5 27. Qg4 Qd7 28. Qh5 Kh7 29. fxg5 Rxf3 30. Qxh6+ Kg8 31. Qg6+ Kh8 32. Qh5+ Kg7 33. Qh6+ Kg8 34. Qg6+ Kh8 35. Qh5+ Kg7 36. Qh6+ 1/2-1/2

[Event "Veliko Gradiste Silver Lake op-A"]
[Site "Veliko Gradiste"]
[Date "2024.06.27"]
[Round "6"]
[White "Bhattacharyya, Soham"]
[Black "Afanasiev, Vadim"]
[Result "1-0"]
[WhiteElo "2477"]
[BlackElo "2200"]
[PlyCount "103"]
[EventDate "2024.06.23"]
[EventType "swiss"]
[EventRounds "9"]
[EventCountry "SRB"]
[SourceTitle "CBM 220 Extra"]
[Source "ChessBase"]
[SourceDate "2024.07.31"]
[SourceVersion "1"]
[SourceVersionDate "2024.07.31"]
[SourceQuality "1"]

1. d4 Nf6 2. c4 b6 3. Nc3 Bb7 4. d5 e6 5. a3 Bd6 6. Nf3 0-0 7. g3 Re8 8. Bg2 Na6 9. b4 c6 10. dxc6 dxc6 11. 0-0 c5 12. b5 Nc7 13. Bg5 h6 14. Bxf6 gxf6 15. Qc2 Qc8 16. Ne4 Be7 17. Rad1 a6 18. a4 axb5 19. axb5 Rd8 20. Rxd8+ Qxd8 21. Rd1 Qc8 22. g4 Ne8 23. Ng3 Qc7 24. h3 Rd8 25. Ra1 Ra8 26. Rxa8 Bxa8 27. Nd2 Bxg2 28. Kxg2 Bd6 29. Nh5 Qb7+ 30. f3 Be5 31. Ne4 Qe7 32. f4 Bd4 33. Qd3 f5 34. Neg3 fxg4 35. hxg4 Qb7+ 36. Kh3 Nd6 37. Nf6+ Kf8 38. Nfe4 Nxe4 39. Nxe4 Qc7 40. e3 Bg7 41. Ng3 Qe7 42. Qe4 Qd8 43. f5 exf5 44. Nxf5 Kg8 45. Ne7+ Kf8 46. Nd5 Qd6 47. Qf5 Kg8 48. Qc8+ Kh7 49. Qe8 Qe5 50. Qxe5 Bxe5 51. Nxb6 Kg6 52. Nd7 1-0

[Event "Veliko Gradiste Silver Lake op-A"]
[Site "Veliko Gradiste"]
[Date "2024.06.23"]
[Round "1"]
[White "Khuslen, Erdenebayar"]
[Black "Bhattacharyya, Soham"]
[Result "0-1"]
[WhiteElo "2004"]
[BlackElo "2477"]
[PlyCount "116"]
[EventDate "2024.06.23"]
[EventType "swiss"]
[EventRounds "9"]
[EventCountry "SRB"]
[SourceTitle "CBM 220 Extra"]
[Source "ChessBase"]
[SourceDate "2024.07.31"]
[SourceVersion "1"]
[SourceVersionDate "2024.07.31"]
[SourceQuality "1"]

1. d4 Nf6 2. c4 g6 3. Nc3 Bg7 4. e4 d6 5. Be2 0-0 6. Nf3 Nbd7 7. 0-0 e5 8. Be3 Qe7 9. Qc2 c6 10. Rad1 h6 11. d5 c5 12. g3 Kh8 13. Nh4 Nh7 14. Qc1 h5 15. Kg2 Ndf6 16. h3 Ng8 17. Rh1 a6 18. Rdg1 Bd7 19. Kf1 b5 20. Ng2 Ngf6 21. Bf3 bxc4 22. g4 Rab8 23. Ne1 Rg8 24. Be2 Rb6 25. Nf3 Rgb8 26. Ng5 h4 27. Bxc4 Bh6 28. b3 Nxg5 29. Bxg5 Bxg5 30. Qxg5 Ng8 31. Qxe7 Nxe7 32. f4 exf4 33. g5 Rf8 34. Kf2 f6 35. Kf3 fxg5 36. Rxg5 Kh7 37. Ne2 Kh6 38. Rhg1 Bxh3 39. Nxf4 Bd7 40. Ke3 Rf6 41. Be2 Rb8 42. Bxa6 Rbf8 43. Ne2 Rf3+ 44. Kd2 Ra8 45. Bd3 Rxa2+ 46. Bc2 Rf2 47. Ke3 Rxe2+ 48. Kxe2 Rxc2+ 49. Kd3 Rb2 50. Kc3 Re2 51. e5 Nxd5+ 52. Kc4 Nb6+ 53. Kc3 Bf5 54. b4 Rc2+ 55. Kb3 c4+ 56. Ka3 dxe5 57. b5 Nd5 58. R5g2 Rc3+ 0-1

[Event "Kolkata Rapid op"]
[Site "Kolkata"]
[Date "2024.05.05"]
[Round "5"]
[White "Bhattacharyya, Soham"]
[Black "Gomes, Mary Ann"]
[Result "0-1"]
[WhiteElo "2119"]
[BlackElo "2338"]
[PlyCount "128"]
[EventDate "2024.05.04"]
[EventType "swiss (rapid)"]
[EventRounds "11"]
[EventCountry "IND"]
[SourceTitle "CBM 220 Extra"]
[Source "ChessBase"]
[SourceDate "2024.07.31"]
[SourceVersion "1"]
[SourceVersionDate "2024.07.31"]
[SourceQuality "1"]

1. d4 Nf6 2. c4 e6 3. Nf3 c5 4. d5 exd5 5. cxd5 d6 6. Nc3 g6 7. Nd2 a6 8. a4 Nbd7 9. e4 Bg7 10. Be2 0-0 11. 0-0 Re8 12. Re1 Rb8 13. a5 b5 14. axb6 Nxb6 15. Ra3 Qe7 16. h3 Bb7 17. Nc4 Nxc4 18. Bxc4 Qe5 19. Bd2 Nh5 20. Qc1 Ra8 21. Bf1 Qe7 22. Qa1 Bd4 23. Bxa6 Bxa6 24. Rxa6 Rxa6 25. Qxa6 Qf6 26. Be3 Bxc3 27. bxc3 Qxc3 28. Rc1 Qe5 29. Qc6 Nf6 30. f3 h5 31. Bf2 Kg7 32. Rb1 g5 33. Rb7 h4 34. Qc7 Qa1+ 35. Kh2 Qe5+ 36. Kg1 Rf8 37. Qe7 Qxe7 38. Rxe7 Ra8 39. Be3 Kg6 40. Rc7 Ra1+ 41. Kf2 Ra2+ 42. Kf1 Nh5 43. Rc6 Ng3+ 44. Ke1 Re2+ 45. Kd1 Rxe3 46. Rxd6+ f6 47. Rc6 Rd3+ 48. Kc2 Re3 49. Rxc5 Re2+ 50. Kd3 Rxg2 51. Rc6 Kf7 52. Rc7+ Ke8 53. Rc6 Nh5 54. Ra6 Rg3 55. Kd4 Rxf3 56. Kc5 Ng3 57. Ra8+ Kf7 58. Ra7+ Kg6 59. Re7 Rd3 60. d6 g4 61. e5 fxe5 62. d7 gxh3 63. Re6+ Kf5 64. Rd6 Ne4+ 0-1

[Event "Kolkata Rapid op"]
[Site "Kolkata"]
[Date "2024.05.05"]
[Round "9"]
[White "Bhattacharyya, Soham"]
[Black "Mitrabha, Guha"]
[Result "1/2-1/2"]
[WhiteElo "2119"]
[BlackElo "2458"]
[PlyCount "96"]
[EventDate "2024.05.04"]
[EventType "swiss (rapid)"]
[EventRounds "11"]
[EventCountry "IND"]
[SourceTitle "CBM 220 Extra"]
[Source "ChessBase"]
[SourceDate "2024.07.31"]
[SourceVersion "1"]
[SourceVersionDate "2024.07.31"]
[SourceQuality "1"]

1. d4 Nf6 2. c4 b6 3. Nf3 Bb7 4. g3 g6 5. Bg2 Bg7 6. 0-0 0-0 7. d5 Na6 8. Nc3 Nc5 9. Nd4 a5 10. e4 e5 11. Nc2 d6 12. Ne3 Bc8 13. Rb1 Bd7 14. Qc2 Qc8 15. Nb5 Kh8 16. b3 Kg8 17. Bb2 Re8 18. Rbe1 Re7 19. Nd1 h5 20. f4 h4 21. f5 hxg3 22. hxg3 gxf5 23. exf5 Bxb5 24. cxb5 Qd7 25. Qe2 e4 26. Nf2 Kf8 27. Ng4 Re5 28. Nxe5 dxe5 29. Bxe5 Re8 30. Qb2 Nd3 31. Qa3+ Nc5 32. Bxf6 Bxf6 33. Rxe4 Rxe4 34. Bxe4 Qe7 35. Bf3 Qe3+ 36. Kg2 Qd2+ 37. Rf2 Qc3 38. Rf1 Qd2+ 39. Rf2 Qc3 40. Rf1 Bg5 41. f6 Kg8 42. Rd1 Bd2 43. Rf1 Be3 44. Rd1 Bd2 45. Rf1 Kh7 46. Bh5 Kg8 47. Bf3 Qc2 48. Rf2 Qc3 1/2-1/2

[Event "Kavala op 32nd"]
[Site "Kavala"]
[Date "2023.07.31"]
[Round "5"]
[White "Zhao, Chenxi"]
[Black "Bhattacharyya, Soham"]
[Result "1-0"]
[WhiteElo "2410"]
[BlackElo "2288"]
[PlyCount "69"]
[EventDate "2023.07.28"]
[EventType "swiss"]
[EventRounds "9"]
[EventCountry "GRE"]
[SourceTitle "CBM 215 Extra"]
[Source "ChessBase"]
[SourceDate "2023.09.30"]
[SourceVersion "1"]
[SourceVersionDate "2023.09.30"]
[SourceQuality "1"]

1. e4 c6 2. Nf3 d5 3. d3 dxe4 4. dxe4 Qxd1+ 5. Kxd1 Nf6 6. Nbd2 g6 7. Ne5 Be6 8. Nd3 Bg7 9. a4 b6 10. a5 b5 11. f3 Nfd7 12. a6 0-0 13. c3 f5 14. Be2 Bf7 15. Ra5 Ne5 16. Nb4 f4 17. Kc2 Nbd7 18. Nb3 Bc4 19. Bxc4+ Nxc4 20. Ra1 Nde5 21. Nc5 Rf6 22. b3 Nb6 23. Rd1 g5 24. Nbd3 Rh6 25. h3 Rd8 26. Ba3 Nxd3 27. Nxd3 Kf8 28. Bc5 Nc8 29. Nxf4 Rxd1 30. Rxd1 gxf4 31. Rd8+ Kf7 32. Rxc8 Rg6 33. Bxa7 c5 34. Bb6 Rxg2+ 35. Kd3 1-0

[Event "Belgrade Serbia op"]
[Site "Belgrade"]
[Date "2023.07.20"]
[Round "5"]
[White "Omorjan, Dejan"]
[Black "Bhattacharyya, Soham"]
[Result "1/2-1/2"]
[WhiteElo "2314"]
[BlackElo "2146"]
[PlyCount "104"]
[EventDate "2023.07.16"]
[EventType "swiss"]
[EventRounds "9"]
[EventCountry "SRB"]
[SourceTitle "CBM 215 Extra"]
[Source "ChessBase"]
[SourceDate "2023.09.30"]
[SourceVersion "1"]
[SourceVersionDate "2023.09.30"]
[SourceQuality "1"]

1. d4 Nf6 2. c4 g6 3. Nc3 Bg7 4. e4 d6 5. Be2 0-0 6. Be3 Nbd7 7. Nf3 e5 8. 0-0 Qe7 9. Qc2 c6 10. d5 c5 11. Bg5 h6 12. Bd2 Nh7 13. Kh1 f5 14. exf5 gxf5 15. g3 e4 16. Nh4 Ne5 17. f4 exf3 18. Nxf3 Nxf3 19. Bxf3 Ng5 20. Rae1 Be5 21. Bg2 Qg7 22. b3 Bd7 23. Ne2 Rae8 24. Nf4 b5 25. Nd3 Bd4 26. Bf4 Ne4 27. Re2 Re7 28. Bf3 Qg6 29. Rg2 Ng5 30. Bd1 Nf7 31. Qc1 Kh7 32. Bd2 Qg7 33. Bc2 Kh8 34. Ne1 Ng5 35. Nf3 Bb2 36. Qd1 Ne4 37. Bf4 Bf6 38. Qc1 Kh7 39. Nd2 Bb2 40. Qb1 Nxd2 41. Bxd2 Bc3 42. g4 Bxd2 43. gxf5 Qf6 44. Rxd2 Re5 45. Rg2 Kh8 46. Rg6 Qh4 47. Qc1 Rf6 48. Qd2 Be8 49. Rxf6 Qxf6 50. Rg1 Bh5 51. Qg2 Bf7 52. Be4 Re8 1/2-1/2